000 01464nam0a2200361 4500
001 RU\NLR\bibl\319497
005 20260629062946.0
021 _aRU
_b2002-31160
_91544
035 _a(NLR Aleph) 000314559
090 _a58640
_c58640
100 _a20021008d2002 |||y0rusy50 ca
101 0 _arus
102 _aRU
105 _aa |||||||||
200 1 _aПроизводство контрольно-измерительных приборов и средств автоматизации
_eКат. продукции
_fОВЕН
210 _a[М.]
_cБ. и.
_d[2002]
215 _a136 с.
_cил.
_d29
606 0 _aКонтрольно-измерительные приборы
_jКаталоги
_91125511
_3RU\NLR\auth\66126882
606 _aАвтоматические устройства
_jКаталоги
_3RU\NLR\auth\6659373
_9996422
610 0 _aКонтрольно-измерительные инструменты и приборы - Каталоги
675 _a[681.1
_v3
_zrus
675 _a681.5](085.2)
_v3
_zrus
686 _a50
_2rugasnti
686 _a32.965я2
_2rubbk
686 _aК9я87
686 _aЗ965-04я87
711 0 2 _a"Овен", малое науч.-произв. внедренческое предприятие
_cМосква
_9305626
_3RU\NLR\AUTH\8816247
801 0 _aRU
_bRKP
_c20021008
_gPSBO
801 1 _aRU
_bRKP
_c20021008
801 2 _aRU
_bNLR
_c20021209
_grcr
942 _cBOOK
980 _aNB